Random Word Ladder Quiz Stats

Quiz not verified by Sporcle

Challenge
Share
Tweet
Embed
Score 0/12 Timer 03:00
0 Plays Today
Hint Answer % Correct
Color between red and whitepink
100%
a unit of liquid; equal to one half of a quartpint
100%
a pink animal you can find on a farmpigs
100%
things at bowling places you aim atpins
96.2%
pear shaped fruit that is sweet with a lot of seeds; pluralfigs
92.3%
an unimportant lie; pluralfibs
88.5%
a baked dish you have at thanksgiving; pluralpies
84.6%
folder for loose papersfile
69.2%
a monetary unit of Iraqfils
65.4%
something you want to win in trackrace
65.4%
yummy chinese foodrice
61.5%
nervous little dogfice
50%

You're not logged in!

Compare scores with friends on all Sporcle quizzes.
Join for Free
OR
Log In

You Might Also Like...

Show Comments

Extras

Created Mar 11, 2016ReportNominate

Top Quizzes Today


Score Distribution

Your Account Isn't Verified!

In order to create a playlist on Sporcle, you need to verify the email address you used during registration. Go to your Sporcle Settings to finish the process.

Report this User

Report this user for behavior that violates our Community Guidelines.

Details: